[Event "Girls U20 Polish Youth Championship"]
[Site "Ustron"]
[Date "2019.11.23"]
[Round "1"]
[White "Antolak, Julia"]
[Black "Mirowska, Oliwia"]
[Result "1-0"]
[Board "1"]
[WhiteElo "2249"]
[WhiteTitle "WIM"]
[WhiteCountry "POL"]
[WhiteFideId "1159569"]
[WhiteEloChange "3"]
[BlackElo "1925"]
[BlackCountry "POL"]
[BlackFideId "21807574"]
[BlackEloChange "-3"]

1. e4 {[%clk 1:30:58]} c5 {[%clk 1:30:33]} 2. Nf3 {[%clk 1:31:21]} e6 {[%clk
1:30:47]} 3. d4 {[%clk 1:31:45]} cxd4 {[%clk 1:30:51]} 4. Nxd4 {[%clk 1:32:10]}
a6 {[%clk 1:30:58]} 5. c4 {[%clk 1:30:07]} Nf6 {[%clk 1:29:26]} 6. Nc3 {[%clk
1:30:23]} Bb4 {[%clk 1:25:04]} 7. Qd3 {[%clk 1:21:29]} O-O {[%clk 1:19:39]} 8.
Be2 {[%clk 1:17:04]} Qc7 {[%clk 1:18:47]} 9. Nc2 {[%clk 1:11:46]} Be7 {[%clk
1:18:18]} 10. O-O {[%clk 1:09:41]} b6 {[%clk 1:18:02]} 11. f4 {[%clk 1:05:21]} d6
{[%clk 1:16:47]} 12. b4 {[%clk 0:53:54]} Nbd7 {[%clk 1:14:53]} 13. Bb2 {[%clk
0:51:48]} Bb7 {[%clk 1:12:51]} 14. Qg3 {[%clk 0:46:56]} Rac8 {[%clk 1:08:46]} 15.
Ne3 {[%clk 0:42:41]} Qb8 {[%clk 1:06:21]} 16. Bd3 {[%clk 0:33:57]} Bd8 {[%clk
0:57:18]} 17. Rae1 {[%clk 0:31:43]} Bc7 {[%clk 0:53:56]} 18. Qh3 {[%clk 0:25:37]}
Qa8 {[%clk 0:34:07]} 19. Bb1 {[%clk 0:20:32]} h6 {[%clk 0:33:11]} 20. Rf3 {[%clk
0:17:40]} e5 {[%clk 0:31:38]} 21. Nf5 {[%clk 0:15:53]} Kh7 {[%clk 0:18:33]} 22.
Rg3 {[%clk 0:15:18]} 1-0

[Event "Girls U20 Polish Youth Championship"]
[Site "Ustron"]
[Date "2019.11.23"]
[Round "1"]
[White "Kulpa, Zuzanna"]
[Black "Kubicka, Anna"]
[Result "0-1"]
[Board "2"]
[WhiteElo "1878"]
[WhiteCountry "POL"]
[WhiteFideId "1195093"]
[WhiteEloChange "-2"]
[BlackElo "2221"]
[BlackTitle "WIM"]
[BlackCountry "POL"]
[BlackFideId "1152254"]
[BlackEloChange "2"]

1. d4 {[%clk 1:30:58]} d6 {[%clk 1:30:44]} 2. e4 {[%clk 1:31:17]} Nf6 {[%clk
1:31:09]} 3. Nc3 {[%clk 1:31:40]} g6 {[%clk 1:29:26]} 4. g3 {[%clk 1:30:45]} Bg7
{[%clk 1:29:50]} 5. Bg2 {[%clk 1:31:08]} O-O {[%clk 1:29:57]} 6. Nge2 {[%clk
1:31:28]} e5 {[%clk 1:27:07]} 7. h3 {[%clk 1:30:47]} Nc6 {[%clk 1:26:34]} 8. Be3
{[%clk 1:30:16]} exd4 {[%clk 1:25:11]} 9. Nxd4 {[%clk 1:30:26]} Re8 {[%clk
1:22:48]} 10. O-O {[%clk 1:28:33]} Bd7 {[%clk 1:21:05]} 11. Nde2 {[%clk 1:25:18]}
Ne5 {[%clk 1:20:20]} 12. g4 {[%clk 1:23:37]} Nc4 {[%clk 1:15:59]} 13. Bc1 {[%clk
1:23:43]} Bc6 {[%clk 1:14:19]} 14. Ng3 {[%clk 1:23:39]} Nd7 {[%clk 1:11:08]} 15.
Rb1 {[%clk 1:19:27]} Nc5 {[%clk 1:08:26]} 16. Nd5 {[%clk 1:16:30]} Nb6 {[%clk
1:02:43]} 17. b3 {[%clk 1:12:45]} Bxd5 {[%clk 0:58:46]} 18. exd5 {[%clk 1:13:08]}
a5 {[%clk 0:58:40]} 19. f4 {[%clk 1:09:15]} Nbd7 {[%clk 0:49:46]} 20. Qf3 {[%clk
1:05:26]} Qf6 {[%clk 0:43:30]} 21. Bb2 {[%clk 1:01:30]} Qe7 {[%clk 0:43:41]} 22.
Bxg7 {[%clk 1:01:28]} Kxg7 {[%clk 0:44:09]} 23. Qc3+ {[%clk 1:00:41]} Qf6 {[%clk
0:43:52]} 24. Qd2 {[%clk 0:59:46]} Kg8 {[%clk 0:39:24]} 25. g5 {[%clk 0:56:29]}
Qg7 {[%clk 0:38:15]} 26. f5 {[%clk 0:55:24]} Qe5 {[%clk 0:37:33]} 27. Kh2 {[%clk
0:54:09]} Qe3 {[%clk 0:36:55]} 28. Rbd1 {[%clk 0:52:30]} Qxd2 {[%clk 0:34:35]}
29. Rxd2 {[%clk 0:52:59]} Re5 {[%clk 0:34:18]} 30. Rdf2 {[%clk 0:50:25]} Rae8
{[%clk 0:34:01]} 31. h4 {[%clk 0:48:52]} Re3 {[%clk 0:20:21]} 32. a3 {[%clk
0:44:56]} Ne5 {[%clk 0:13:37]} 33. Rf4 {[%clk 0:41:50]} b6 {[%clk 0:09:00]} 34.
b4 {[%clk 0:39:03]} Ncd7 {[%clk 0:08:19]} 35. fxg6 {[%clk 0:38:27]} fxg6 {[%clk
0:04:52]} 36. bxa5 {[%clk 0:35:28]} bxa5 {[%clk 0:05:21]} 37. a4 {[%clk 0:31:39]}
Rf8 {[%clk 0:02:45]} 38. Rxf8+ {[%clk 0:28:17]} Nxf8 {[%clk 0:03:13]} 39. Rb1
{[%clk 0:27:32]} Rc3 {[%clk 0:01:54]} 40. Rb2 {[%clk 0:54:22]} Ng4+ {[%clk
0:32:06]} 41. Kh3 {[%clk 0:54:44]} Nf2+ {[%clk 0:21:52]} 42. Kh2 {[%clk 0:55:07]}
Nd7 {[%clk 0:18:47]} 43. Ne2 {[%clk 0:50:57]} Ng4+ {[%clk 0:18:13]} 44. Kg1
{[%clk 0:51:06]} Rc4 {[%clk 0:18:17]} 45. Bh3 {[%clk 0:43:53]} Nb6 {[%clk
0:15:59]} 46. Kg2 {[%clk 0:42:43]} Rxa4 {[%clk 0:13:57]} 47. Nc3 {[%clk 0:39:57]}
Rc4 {[%clk 0:13:14]} 48. Nb5 {[%clk 0:40:06]} Ne3+ {[%clk 0:11:54]} 49. Kf3
{[%clk 0:40:08]} Nexd5 {[%clk 0:11:41]} 50. Ra2 {[%clk 0:38:31]} a4 {[%clk
0:10:14]} 51. c3 {[%clk 0:37:19]} Kg7 {[%clk 0:07:21]} 52. Be6 {[%clk 0:37:07]}
Rc5 {[%clk 0:04:27]} 53. Kg3 {[%clk 0:34:23]} Nxc3 {[%clk 0:03:14]} 54. Rf2
{[%clk 0:34:16]} Ne4+ {[%clk 0:03:40]} 0-1

[Event "Girls U20 Polish Youth Championship"]
[Site "Ustron"]
[Date "2019.11.23"]
[Round "1"]
[White "Kiolbasa, Oliwia"]
[Black "Szczotka, Klara"]
[Result "1-0"]
[Board "3"]
[WhiteElo "2208"]
[WhiteTitle "WIM"]
[WhiteCountry "POL"]
[WhiteFideId "1154613"]
[WhiteEloChange "2"]
[BlackElo "1781"]
[BlackCountry "POL"]
[BlackFideId "21858845"]
[BlackEloChange "-2"]

1. e4 {[%clk 1:30:56]} c5 {[%clk 1:30:54]} 2. Nf3 {[%clk 1:31:19]} e6 {[%clk
1:31:19]} 3. d4 {[%clk 1:31:35]} cxd4 {[%clk 1:31:44]} 4. Nxd4 {[%clk 1:31:57]}
a6 {[%clk 1:32:07]} 5. Be2 {[%clk 1:31:32]} Nf6 {[%clk 1:32:18]} 6. Nc3 {[%clk
1:31:54]} Qc7 {[%clk 1:32:43]} 7. O-O {[%clk 1:32:07]} d6 {[%clk 1:33:04]} 8. a4
{[%clk 1:21:20]} b6 {[%clk 1:29:48]} 9. f4 {[%clk 1:21:05]} Bb7 {[%clk 1:30:06]}
10. Bf3 {[%clk 1:21:18]} Nbd7 {[%clk 1:30:11]} 11. Kh1 {[%clk 1:17:25]} Be7
{[%clk 1:29:03]} 12. Qe2 {[%clk 1:13:10]} O-O {[%clk 1:27:59]} 13. Bd2 {[%clk
0:59:47]} Rab8 {[%clk 1:21:39]} 14. Rae1 {[%clk 0:56:07]} Ne8 {[%clk 1:12:34]}
15. f5 {[%clk 0:27:33]} e5 {[%clk 1:10:43]} 16. Nb3 {[%clk 0:24:48]} Nc5 {[%clk
1:08:21]} 17. Nxc5 {[%clk 0:24:54]} dxc5 {[%clk 1:08:36]} 18. Nd5 {[%clk
0:24:15]} Bxd5 {[%clk 1:08:28]} 19. exd5 {[%clk 0:24:37]} Bd6 {[%clk 1:08:44]}
20. Be4 {[%clk 0:23:47]} Nf6 {[%clk 1:06:58]} 21. Qxa6 {[%clk 0:19:17]} c4 {[%clk
1:03:15]} 22. Qb5 {[%clk 0:05:17]} Rfc8 {[%clk 1:00:44]} 23. Bb4 {[%clk 0:04:10]}
Qe7 {[%clk 0:59:54]} 24. c3 {[%clk 0:03:51]} Bxb4 {[%clk 0:52:27]} 25. Qxb4
{[%clk 0:03:54]} Qxb4 {[%clk 0:51:46]} 26. cxb4 {[%clk 0:04:19]} Rd8 {[%clk
0:50:06]} 27. Bf3 {[%clk 0:01:09]} Nxd5 {[%clk 0:50:05]} 28. Rxe5 {[%clk
0:01:03]} Nxb4 {[%clk 0:50:29]} 29. Rb5 {[%clk 0:01:02]} Nd3 {[%clk 0:50:33]} 30.
Kg1 {[%clk 0:00:51]} h6 {[%clk 0:49:32]} 31. Rd1 {[%clk 0:00:45]} Rdc8 {[%clk
0:47:31]} 32. Be2 {[%clk 0:00:40]} Nf4 {[%clk 0:47:04]} 33. Bf1 {[%clk 0:01:01]}
Nd3 {[%clk 0:41:03]} 34. Bxd3 {[%clk 0:00:57]} cxd3 {[%clk 0:41:28]} 35. Rxd3
{[%clk 0:01:10]} Rc5 {[%clk 0:40:48]} 36. Rxc5 {[%clk 0:00:42]} bxc5 {[%clk
0:41:13]} 37. b3 {[%clk 0:01:07]} Kf8 {[%clk 0:41:04]} 38. Kf2 {[%clk 0:01:04]}
Ke7 {[%clk 0:40:58]} 39. h3 {[%clk 0:00:36]} Rb4 {[%clk 0:40:49]} 40. Rc3 {[%clk
0:30:32]} Kd6 {[%clk 1:10:05]} 41. Ke2 {[%clk 0:15:57]} h5 {[%clk 1:03:34]} 42.
Kd2 {[%clk 0:09:15]} Rf4 {[%clk 1:00:56]} 43. Rf3 {[%clk 0:09:14]} Rd4+ {[%clk
1:00:46]} 44. Kc3 {[%clk 0:08:54]} Rb4 {[%clk 0:58:06]} 45. Rg3 {[%clk 0:05:01]}
Rf4 {[%clk 0:57:40]} 46. Rxg7 {[%clk 0:05:16]} Rxf5 {[%clk 0:58:03]} 47. Rg3
{[%clk 0:05:40]} Re5 {[%clk 0:56:04]} 48. Rf3 {[%clk 0:04:02]} f5 {[%clk
0:54:58]} 49. Rf4 {[%clk 0:01:02]} Kd5 {[%clk 0:52:29]} 50. Kd3 {[%clk 0:01:05]}
Kc6 {[%clk 0:50:41]} 51. Rh4 {[%clk 0:01:12]} Rd5+ {[%clk 0:50:49]} 52. Kc3
{[%clk 0:01:06]} f4 {[%clk 0:49:45]} 53. Rxf4 {[%clk 0:01:20]} Rg5 {[%clk
0:50:10]} 54. g4 {[%clk 0:01:00]} hxg4 {[%clk 0:50:35]} 55. hxg4 {[%clk 0:01:28]}
Rg6 {[%clk 0:50:22]} 56. Kc4 {[%clk 0:01:15]} Kb6 {[%clk 0:49:33]} 57. Kd5 {[%clk
0:00:58]} Rg5+ {[%clk 0:49:37]} 58. Ke4 {[%clk 0:00:56]} 1-0

[Event "Girls U20 Polish Youth Championship"]
[Site "Ustron"]
[Date "2019.11.23"]
[Round "1"]
[White "Siekanska, Maria"]
[Black "Malicka, Maria"]
[Result "1-0"]
[Board "4"]
[WhiteElo "1773"]
[WhiteCountry "POL"]
[WhiteFideId "21852650"]
[WhiteEloChange "17"]
[BlackElo "2104"]
[BlackTitle "WCM"]
[BlackCountry "POL"]
[BlackFideId "1197576"]
[BlackEloChange "-17"]

1. d4 {[%clk 1:30:58]} Nf6 {[%clk 1:30:54]} 2. c4 {[%clk 1:31:23]} e6 {[%clk
1:31:19]} 3. Nc3 {[%clk 1:31:44]} Bb4 {[%clk 1:31:44]} 4. e3 {[%clk 1:32:06]} O-O
{[%clk 1:32:06]} 5. Bd3 {[%clk 1:32:29]} d5 {[%clk 1:32:24]} 6. a3 {[%clk
1:32:20]} Bxc3+ {[%clk 1:32:42]} 7. bxc3 {[%clk 1:32:41]} b6 {[%clk 1:33:07]} 8.
cxd5 {[%clk 1:32:49]} exd5 {[%clk 1:33:24]} 9. Nf3 {[%clk 1:32:02]} Ba6 {[%clk
1:33:03]} 10. Bxa6 {[%clk 1:30:43]} Nxa6 {[%clk 1:33:26]} 11. O-O {[%clk
1:31:04]} c5 {[%clk 1:32:31]} 12. Ne5 {[%clk 1:24:27]} Re8 {[%clk 1:21:51]} 13.
f3 {[%clk 1:13:33]} Nc7 {[%clk 1:17:30]} 14. Ra2 {[%clk 0:56:30]} Nd7 {[%clk
0:56:08]} 15. Nxd7 {[%clk 0:53:14]} Qxd7 {[%clk 0:56:32]} 16. Raf2 {[%clk
0:45:46]} Rad8 {[%clk 0:48:30]} 17. e4 {[%clk 0:31:25]} Nb5 {[%clk 0:37:24]} 18.
Bb2 {[%clk 0:29:00]} cxd4 {[%clk 0:29:41]} 19. cxd4 {[%clk 0:29:14]} Nd6 {[%clk
0:28:04]} 20. e5 {[%clk 0:26:18]} Nc4 {[%clk 0:28:27]} 21. Bc1 {[%clk 0:26:19]}
Qf5 {[%clk 0:22:01]} 22. f4 {[%clk 0:22:09]} f6 {[%clk 0:16:52]} 23. h3 {[%clk
0:15:25]} b5 {[%clk 0:12:58]} 24. Re1 {[%clk 0:11:34]} fxe5 {[%clk 0:10:14]} 25.
fxe5 {[%clk 0:08:59]} Qg6 {[%clk 0:09:02]} 26. Ref1 {[%clk 0:08:29]} Rf8 {[%clk
0:09:15]} 27. Rxf8+ {[%clk 0:08:08]} Rxf8 {[%clk 0:09:44]} 28. Rxf8+ {[%clk
0:08:35]} Kxf8 {[%clk 0:10:07]} 29. Qf3+ {[%clk 0:08:30]} Qf7 {[%clk 0:10:36]}
30. Qg4 {[%clk 0:08:10]} Qe7 {[%clk 0:03:39]} 31. Qc8+ {[%clk 0:05:27]} Kf7
{[%clk 0:03:48]} 32. Qf5+ {[%clk 0:05:45]} Ke8 {[%clk 0:03:36]} 33. Qxh7 {[%clk
0:05:15]} Kd7 {[%clk 0:01:48]} 34. Qg8 {[%clk 0:04:30]} Nb6 {[%clk 0:00:56]} 35.
Qh7 {[%clk 0:02:54]} Nc4 {[%clk 0:00:39]} 36. Qf5+ {[%clk 0:02:34]} Kc7 {[%clk
0:00:35]} 37. e6 {[%clk 0:01:55]} Nb6 {[%clk 0:00:41]} 38. Bg5 {[%clk 0:01:05]}
Qe8 {[%clk 0:00:34]} 39. Qf7+ {[%clk 0:01:12]} Qxf7 {[%clk 0:01:02]} 40. exf7
{[%clk 0:31:41]} Nd7 {[%clk 0:31:28]} 41. Be7 {[%clk 0:31:52]} a5 {[%clk
0:31:55]} 42. f8Q {[%clk 0:32:08]} Nxf8 {[%clk 0:32:23]} 43. Bxf8 {[%clk
0:32:29]} b4 {[%clk 0:32:50]} 44. axb4 {[%clk 0:32:01]} a4 {[%clk 0:33:19]} 45.
b5 {[%clk 0:32:13]} Kb6 {[%clk 0:33:47]} 46. Kf2 {[%clk 0:32:32]} Kxb5 {[%clk
0:34:14]} 47. Ke3 {[%clk 0:32:53]} Kc4 {[%clk 0:34:40]} 48. h4 {[%clk 0:33:14]}
1-0

[Event "Girls U20 Polish Youth Championship"]
[Site "Ustron"]
[Date "2019.11.23"]
[Round "1"]
[White "Dwilewicz, Katarzyna"]
[Black "Hertlein, Irena"]
[Result "1-0"]
[Board "5"]
[WhiteElo "2100"]
[WhiteTitle "WFM"]
[WhiteCountry "POL"]
[WhiteFideId "1148486"]
[WhiteEloChange "3"]
[BlackElo "1771"]
[BlackCountry "POL"]
[BlackFideId "21817618"]
[BlackEloChange "-3"]

1. e4 {[%clk 1:30:57]} c5 {[%clk 1:30:48]} 2. Nf3 {[%clk 1:30:46]} Nc6 {[%clk
1:31:07]} 3. d4 {[%clk 1:30:44]} cxd4 {[%clk 1:31:25]} 4. Nxd4 {[%clk 1:31:08]}
g6 {[%clk 1:31:43]} 5. c4 {[%clk 1:31:11]} Bg7 {[%clk 1:30:53]} 6. Be3 {[%clk
1:31:24]} Nf6 {[%clk 1:31:06]} 7. Nc3 {[%clk 1:31:49]} O-O {[%clk 1:31:15]} 8.
Be2 {[%clk 1:31:41]} d6 {[%clk 1:31:14]} 9. O-O {[%clk 1:31:53]} Bd7 {[%clk
1:30:35]} 10. Nb3 {[%clk 1:31:01]} a5 {[%clk 1:20:37]} 11. Nd2 {[%clk 1:24:11]}
Ne5 {[%clk 1:06:10]} 12. h3 {[%clk 1:23:27]} Bc6 {[%clk 1:06:02]} 13. Rc1 {[%clk
1:20:06]} a4 {[%clk 1:00:52]} 14. Nd5 {[%clk 1:14:07]} Ned7 {[%clk 0:57:44]} 15.
Bd3 {[%clk 1:09:40]} Nc5 {[%clk 0:53:23]} 16. Bb1 {[%clk 1:06:54]} b5 {[%clk
0:40:00]} 17. Nb4 {[%clk 0:57:46]} Bxe4 {[%clk 0:30:34]} 18. Nxe4 {[%clk
0:57:43]} Nfxe4 {[%clk 0:30:44]} 19. Bxe4 {[%clk 0:40:22]} Nxe4 {[%clk 0:31:07]}
20. Qc2 {[%clk 0:40:25]} Nc5 {[%clk 0:22:06]} 21. cxb5 {[%clk 0:39:59]} Qa5
{[%clk 0:20:59]} 22. Bxc5 {[%clk 0:32:31]} dxc5 {[%clk 0:20:24]} 23. Qxc5 {[%clk
0:32:53]} Bxb2 {[%clk 0:14:02]} 24. Nc6 {[%clk 0:31:38]} Qd2 {[%clk 0:14:20]} 25.
Rc2 {[%clk 0:31:02]} Ba3 {[%clk 0:14:40]} 26. Nxe7+ {[%clk 0:28:43]} Kh8 {[%clk
0:14:43]} 27. Nxg6+ {[%clk 0:23:54]} hxg6 {[%clk 0:14:27]} 28. Qxf8+ {[%clk
0:24:17]} Bxf8 {[%clk 0:13:13]} 29. Rxd2 {[%clk 0:24:31]} Rb8 {[%clk 0:13:28]}
30. Rb1 {[%clk 0:24:43]} Kg7 {[%clk 0:12:35]} 1-0

[Event "Girls U20 Polish Youth Championship"]
[Site "Ustron"]
[Date "2019.11.23"]
[Round "1"]
[White "Stochnialek, Dominika"]
[Black "Dylag, Emilia"]
[Result "1/2-1/2"]
[Board "6"]
[WhiteElo "1768"]
[WhiteCountry "POL"]
[WhiteFideId "1165402"]
[WhiteEloChange "7"]
[BlackElo "2046"]
[BlackCountry "POL"]
[BlackFideId "21805172"]
[BlackEloChange "-7"]

1. e4 {[%clk 1:30:58]} c5 {[%clk 1:30:54]} 2. Nf3 {[%clk 1:31:25]} d6 {[%clk
1:31:12]} 3. Bb5+ {[%clk 1:31:53]} Nd7 {[%clk 1:31:31]} 4. c3 {[%clk 1:32:09]}
Nf6 {[%clk 1:31:18]} 5. Qe2 {[%clk 1:32:20]} a6 {[%clk 1:29:42]} 6. Ba4 {[%clk
1:32:46]} b5 {[%clk 1:29:09]} 7. Bc2 {[%clk 1:33:10]} Bb7 {[%clk 1:28:41]} 8. d4
{[%clk 1:32:59]} e6 {[%clk 1:25:25]} 9. O-O {[%clk 1:28:55]} Be7 {[%clk 1:24:26]}
10. Re1 {[%clk 1:27:30]} Qc7 {[%clk 1:19:25]} 11. a4 {[%clk 1:11:22]} bxa4 {[%clk
1:10:27]} 12. Rxa4 {[%clk 1:09:40]} Nb6 {[%clk 1:07:06]} 13. Ra1 {[%clk 1:00:43]}
cxd4 {[%clk 1:01:39]} 14. cxd4 {[%clk 0:53:32]} O-O {[%clk 0:49:23]} 15. Bd3
{[%clk 0:46:57]} a5 {[%clk 0:42:09]} 16. Nc3 {[%clk 0:37:23]} Rfc8 {[%clk
0:40:05]} 17. Nb5 {[%clk 0:23:53]} Qd7 {[%clk 0:38:48]} 18. Bd2 {[%clk 0:21:46]}
a4 {[%clk 0:36:34]} 19. Nc3 {[%clk 0:18:32]} Bc6 {[%clk 0:34:06]} 20. Ra2 {[%clk
0:15:38]} Qb7 {[%clk 0:31:07]} 21. h3 {[%clk 0:08:26]} d5 {[%clk 0:27:45]} 22. e5
{[%clk 0:07:37]} Nfd7 {[%clk 0:26:30]} 23. Rea1 {[%clk 0:04:54]} Rcb8 {[%clk
0:15:35]} 24. Bb5 {[%clk 0:02:20]} Bxb5 {[%clk 0:14:24]} 25. Qxb5 {[%clk
0:02:47]} Qc7 {[%clk 0:14:40]} 26. Qf1 {[%clk 0:02:05]} Qc6 {[%clk 0:13:42]} 27.
Qd1 {[%clk 0:01:47]} a3 {[%clk 0:11:32]} 28. bxa3 {[%clk 0:01:49]} Nc4 {[%clk
0:11:49]} 29. a4 {[%clk 0:00:56]} Nxd2 {[%clk 0:11:53]} 30. Qxd2 {[%clk 0:00:59]}
Bb4 {[%clk 0:12:10]} 31. Rc2 {[%clk 0:00:43]} Rc8 {[%clk 0:11:37]} 32. Rac1
{[%clk 0:00:54]} Qa6 {[%clk 0:09:50]} 33. Qe3 {[%clk 0:00:57]} Nb6 {[%clk
0:08:05]} 34. Ne2 {[%clk 0:00:33]} Rxc2 {[%clk 0:08:00]} 35. Rxc2 {[%clk
0:01:02]} Nc4 {[%clk 0:08:05]} 36. Qb3 {[%clk 0:00:32]} Qxa4 {[%clk 0:08:09]} 37.
Qxa4 {[%clk 0:00:42]} Rxa4 {[%clk 0:08:36]} 38. Ng3 {[%clk 0:00:35]} f6 {[%clk
0:07:44]} 39. Re2 {[%clk 0:00:40]} Kf7 {[%clk 0:07:47]} 40. exf6 {[%clk 0:30:32]}
gxf6 {[%clk 0:38:05]} 41. Rc2 {[%clk 0:27:04]} Ba5 {[%clk 0:34:21]} 42. Ne2
{[%clk 0:26:58]} Ra1+ {[%clk 0:32:23]} 43. Kh2 {[%clk 0:26:40]} Ra3 {[%clk
0:31:31]} 44. Nh4 {[%clk 0:22:22]} Rd3 {[%clk 0:29:42]} 45. f4 {[%clk 0:19:10]}
Rd1 {[%clk 0:23:11]} 46. Nf3 {[%clk 0:17:41]} Bb6 {[%clk 0:17:22]} 47. Rc1 {[%clk
0:14:05]} Rd3 {[%clk 0:13:45]} 48. Rc3 {[%clk 0:14:19]} Rxc3 {[%clk 0:13:47]} 49.
Nxc3 {[%clk 0:14:48]} Ba5 {[%clk 0:12:37]} 50. Ne2 {[%clk 0:13:11]} Bc7 {[%clk
0:11:01]} 51. Kg3 {[%clk 0:10:12]} Kg6 {[%clk 0:10:44]} 52. Nh4+ {[%clk 0:07:35]}
Kh5 {[%clk 0:10:40]} 53. Nf3 {[%clk 0:07:17]} Kg6 {[%clk 0:07:07]} 54. Nh4+
{[%clk 0:07:40]} 1/2-1/2

[Event "Girls U20 Polish Youth Championship"]
[Site "Ustron"]
[Date "2019.11.23"]
[Round "1"]
[White "Goraj, Barbara"]
[Black "Pawicka, Magdalena"]
[Result "1-0"]
[Board "7"]
[WhiteElo "2044"]
[WhiteTitle "WCM"]
[WhiteCountry "POL"]
[WhiteFideId "21816166"]
[WhiteEloChange "3"]
[BlackElo "1745"]
[BlackCountry "POL"]
[BlackFideId "21836507"]
[BlackEloChange "-3"]

1. e4 {[%clk 1:30:58]} e5 {[%clk 1:30:47]} 2. Nf3 {[%clk 1:31:21]} Nc6 {[%clk
1:31:11]} 3. Bb5 {[%clk 1:31:45]} a6 {[%clk 1:31:33]} 4. Ba4 {[%clk 1:32:02]} d6
{[%clk 1:31:55]} 5. O-O {[%clk 1:31:17]} Bd7 {[%clk 1:32:19]} 6. c4 {[%clk
1:30:38]} g6 {[%clk 1:29:52]} 7. d4 {[%clk 1:29:58]} Bg7 {[%clk 1:27:43]} 8. Bg5
{[%clk 1:28:39]} f6 {[%clk 1:24:25]} 9. Be3 {[%clk 1:28:37]} Nh6 {[%clk 1:18:42]}
10. h3 {[%clk 1:25:32]} O-O {[%clk 1:14:49]} 11. d5 {[%clk 1:16:28]} Ne7 {[%clk
1:14:15]} 12. c5 {[%clk 1:12:18]} Nf7 {[%clk 1:05:09]} 13. Nfd2 {[%clk 0:45:54]}
f5 {[%clk 0:59:38]} 14. f3 {[%clk 0:43:02]} Qe8 {[%clk 0:47:13]} 15. Nc3 {[%clk
0:36:10]} Bxa4 {[%clk 0:46:36]} 16. Nxa4 {[%clk 0:34:10]} f4 {[%clk 0:42:52]} 17.
Bf2 {[%clk 0:33:47]} Rd8 {[%clk 0:28:41]} 18. cxd6 {[%clk 0:24:42]} Nxd6 {[%clk
0:28:35]} 19. Nc5 {[%clk 0:24:40]} Rf7 {[%clk 0:26:24]} 20. Ne6 {[%clk 0:22:23]}
Rd7 {[%clk 0:26:19]} 21. Nb3 {[%clk 0:18:42]} b6 {[%clk 0:25:24]} 22. Rc1 {[%clk
0:15:39]} Qb8 {[%clk 0:24:49]} 23. Qc2 {[%clk 0:14:48]} Nec8 {[%clk 0:22:32]} 24.
a4 {[%clk 0:14:19]} a5 {[%clk 0:22:11]} 25. Rfd1 {[%clk 0:12:56]} Na7 {[%clk
0:20:00]} 26. Rd3 {[%clk 0:11:54]} Bh6 {[%clk 0:17:26]} 27. Rc3 {[%clk 0:09:57]}
Ne8 {[%clk 0:16:50]} 28. Kh1 {[%clk 0:07:39]} g5 {[%clk 0:16:05]} 29. Nd2 {[%clk
0:05:23]} Rfe7 {[%clk 0:12:36]} 30. Nc4 {[%clk 0:04:27]} c6 {[%clk 0:10:33]} 31.
Nxb6 {[%clk 0:04:03]} Rb7 {[%clk 0:10:16]} 32. dxc6 {[%clk 0:01:41]} Rxb6 {[%clk
0:10:26]} 33. Bxb6 {[%clk 0:01:16]} Qxb6 {[%clk 0:10:38]} 34. Rb3 {[%clk
0:00:56]} Qa6 {[%clk 0:10:30]} 35. Nd8 {[%clk 0:00:35]} Qc8 {[%clk 0:08:25]} 36.
Qc4+ {[%clk 0:00:44]} Kf8 {[%clk 0:07:31]} 37. Rd3 {[%clk 0:00:43]} Nc7 {[%clk
0:05:50]} 38. Rd7 {[%clk 0:00:35]} Qa6 {[%clk 0:01:25]} 39. Qxa6 {[%clk 0:00:36]}
Nxa6 {[%clk 0:01:46]} 40. Ne6+ {[%clk 0:30:34]} Ke8 {[%clk 0:31:40]} 41. Nc5
{[%clk 0:19:40]} Nc7 {[%clk 0:28:23]} 42. Rxe7+ {[%clk 0:18:24]} Kxe7 {[%clk
0:28:52]} 43. Nb7 {[%clk 0:18:41]} Bf8 {[%clk 0:28:01]} 44. Nxa5 {[%clk 0:16:33]}
Kd8 {[%clk 0:28:03]} 45. Rd1+ {[%clk 0:11:06]} Kc8 {[%clk 0:28:26]} 46. Rd7
{[%clk 0:09:33]} Nxc6 {[%clk 0:27:56]} 47. Rf7 {[%clk 0:09:59]} Nxa5 {[%clk
0:28:06]} 48. Rxf8+ {[%clk 0:10:24]} Kd7 {[%clk 0:28:20]} 49. Rf5 {[%clk
0:08:15]} Nc4 {[%clk 0:27:30]} 50. b3 {[%clk 0:07:58]} Nd2 {[%clk 0:27:18]} 51.
b4 {[%clk 0:07:04]} Kd6 {[%clk 0:27:08]} 52. Rxg5 {[%clk 0:06:35]} Ne6 {[%clk
0:27:33]} 53. Rh5 {[%clk 0:05:48]} Nd4 {[%clk 0:27:46]} 54. Rh6+ {[%clk 0:05:43]}
1-0

[Event "Girls U20 Polish Youth Championship"]
[Site "Ustron"]
[Date "2019.11.23"]
[Round "1"]
[White "Siekanska, Zuzanna"]
[Black "Cieslak, Wiktoria"]
[Result "0-1"]
[Board "8"]
[WhiteElo "1723"]
[WhiteCountry "POL"]
[WhiteFideId "21852537"]
[WhiteEloChange "-3"]
[BlackElo "2039"]
[BlackCountry "POL"]
[BlackFideId "1160036"]
[BlackEloChange "3"]

1. d4 {[%clk 1:30:57]} Nf6 {[%clk 1:30:56]} 2. c4 {[%clk 1:31:20]} e6 {[%clk
1:31:20]} 3. Nf3 {[%clk 1:31:36]} b6 {[%clk 1:31:44]} 4. a3 {[%clk 1:31:54]} Bb7
{[%clk 1:32:07]} 5. Nc3 {[%clk 1:32:13]} Be7 {[%clk 1:32:15]} 6. d5 {[%clk
1:31:53]} d6 {[%clk 1:31:30]} 7. e4 {[%clk 1:29:41]} e5 {[%clk 1:31:40]} 8. Bd3
{[%clk 1:28:07]} O-O {[%clk 1:31:41]} 9. O-O {[%clk 1:23:30]} Nbd7 {[%clk
1:29:57]} 10. b4 {[%clk 1:19:57]} a5 {[%clk 1:29:32]} 11. Rb1 {[%clk 1:19:53]}
Nh5 {[%clk 1:24:03]} 12. Bc2 {[%clk 1:12:47]} Nf4 {[%clk 1:14:43]} 13. g3 {[%clk
0:57:13]} Nh3+ {[%clk 1:11:16]} 14. Kg2 {[%clk 0:57:20]} Ng5 {[%clk 1:11:38]} 15.
Nh4 {[%clk 0:53:56]} g6 {[%clk 1:03:00]} 16. Ne2 {[%clk 0:47:27]} h6 {[%clk
0:59:47]} 17. Be3 {[%clk 0:45:57]} Nf6 {[%clk 0:54:09]} 18. f3 {[%clk 0:38:36]}
Bc8 {[%clk 0:52:30]} 19. Kh1 {[%clk 0:37:22]} Kg7 {[%clk 0:41:24]} 20. Qd2 {[%clk
0:37:02]} axb4 {[%clk 0:29:59]} 21. axb4 {[%clk 0:37:14]} Bh3 {[%clk 0:30:23]}
22. Rf2 {[%clk 0:36:40]} Ra2 {[%clk 0:29:53]} 23. Nc3 {[%clk 0:35:22]} Ra3 {[%clk
0:27:10]} 24. f4 {[%clk 0:33:25]} exf4 {[%clk 0:26:46]} 25. gxf4 {[%clk 0:33:16]}
Ng4 {[%clk 0:11:16]} 26. fxg5 {[%clk 0:29:21]} Nxf2+ {[%clk 0:11:37]} 27. Bxf2
{[%clk 0:28:58]} Bxg5 {[%clk 0:11:37]} 28. Qe1 {[%clk 0:28:58]} Qf6 {[%clk
0:10:33]} 29. Nb5 {[%clk 0:28:42]} Bxh4 {[%clk 0:10:31]} 30. Bd4 {[%clk 0:28:47]}
Qxd4 {[%clk 0:10:19]} 31. Qxh4 {[%clk 0:27:52]} Qe3 {[%clk 0:10:28]} 32. Bd1
{[%clk 0:26:26]} Qd3 {[%clk 0:09:24]} 33. Qe1 {[%clk 0:24:42]} Ra2 {[%clk
0:06:52]} 34. Rb3 {[%clk 0:23:18]} Bg2+ {[%clk 0:06:38]} 35. Kg1 {[%clk 0:23:38]}
Qxc4 {[%clk 0:06:23]} 36. Nc3 {[%clk 0:21:40]} Qd4+ {[%clk 0:06:46]} 0-1